| 000 | 00893nas a2200277 4500 | ||
|---|---|---|---|
| 001 | BR0600025 | ||
| 003 | BR-BrBNA | ||
| 005 | 20231205105730.0 | ||
| 007 | ta | ||
| 008 | 230509b bl.|||p| |||| 00| 00por d | ||
| 040 |
_aBR-BrBNA _bpor _cBiblioteca Nacional de Agricultura |
||
| 041 | _a(Pt) | ||
| 072 | _aH10 | ||
| 100 | 1 | _aFerreira, E. | |
| 100 | 1 | _aBarrigossi, J.A.F. | |
| 100 | 1 | _aCastro, E. da M. de | |
| 100 | 1 | _aSantos, A.B. dos | |
| 245 | 1 | _aPerdas de produção pela broca-do-colmo (Diatraea saccharalis Fabr. 1794)(Lepidoptera: Pyralidae)em genótipos de arroz de terras altas | |
| 650 | _aARROZ | ||
| 650 | _aARROZ SEQUEIRO | ||
| 650 | _aBROCA DO COLMO | ||
| 650 | _aGENÓTIPO | ||
| 773 | 0 |
_tPesquisa Agropecuária Tropical (Brazil) _xISSN 1517-6398 _g(May-Aug 2004), v. 34(2) p. 99-103 _wBR0600025 |
|
| 909 |
_a202311 _bLúcia _c55 _dLúcia Elande |
||
| 942 |
_2AGRIS _n0 _cANA |
||
| 999 |
_c184400 _d184400 |
||